000 00471nam a22001817a 4500
003 MPLRDC
005 20220104195402.0
008 210129b ||||| |||| 00| 0 eng d
020 _a978-957-13-6134-5
082 _a544.7 ZZZ
100 _a张兆志
245 _a乔志先生爱情诊断室
_c
250 _a初版一刷
260 _a台湾
_b时报文化出版企业股份有限公司
_c2014
300 _b
650 _a两性关系
942 _cBK
_o544.7 ZZZ
999 _c66156
_d66146